Aventuras y exploraciones submarinas / (Record no. 78312)

MARC details
000 -LEADER
campo de control de longitud fija 00623nam a2200205 i 4500
001 - NÚMERO DE CONTROL
campo de control 78312
003 - IDENTIFICADOR DE NÚMERO DE CONTROL
campo de control ES-MaACL
005 - FECHA Y HORA DE LA ÚLTIMA TRANSACCIÓN
campo de control 20230906173643.0
007 - CAMPO FIJO DE DESCRIPCIÓN FÍSICA--INFORMACIÓN GENERAL
campo de control de longitud fija t|
008 - DATOS DE LONGITUD FIJA--INFORMACIÓN GENERAL
campo de control de longitud fija 041013s1961 sp ||||1| spa d
080 ## - NÚMERO DE LA CLASIFICACIÓN DECIMAL UNIVERSAL
Número de la Clasificación Decimal Universal 551.462
100 1# - ENTRADA PRINCIPAL--NOMBRE DE PERSONA
Nombre de persona Hass, Hans.
9 (RLIN) 62041
245 10 - MENCIÓN DEL TÍTULO
Título Aventuras y exploraciones submarinas /
Mención de responsabilidad, etc. Hans Hass ; [traducción de Eduardo J. Van den Bossche].
250 ## - MENCION DE EDICION
Mención de edición 1ª ed.
260 ## - PUBLICACIÓN, DISTRIBUCIÓN, ETC.
Lugar de publicación, distribución, etc. Barcelona :
Nombre del editor, distribuidor, etc. Juventud,
Fecha de publicación, distribución, etc. 1961.
300 ## - DESCRIPCIÓN FÍSICA
Extensión 324 p., [10] h. de lám. ;
Dimensiones 23 cm.
650 #4 - PUNTO DE ACCESO ADICIONAL DE MATERIA--TÉRMINO DE MATERIA
Término de materia o nombre geográfico como elemento de entrada Exploraciones submarinas.
9 (RLIN) 12697
700 1# - ENTRADA AGREGADA--NOMBRE PERSONAL
Nombre de persona Bossche, Eduardo J. van den.
9 (RLIN) 30709
852 ## - LOCALIZACIÓN
Ubicación ES-MaACL
Número de control de estantería C-20376
Holdings
Estatus retirado Estado de pérdida Estado de daño No para préstamo Biblioteca de origen Biblioteca actual Ubicación en estantería Fecha de adquisición Fuente de adquisición Total de préstamos Signatura topográfica completa Código de barras Visto por última vez Precio de reemplazo Tipo de ítem Koha
        Biblioteca del Ateneo de Madrid Biblioteca del Ateneo de Madrid Galería 17/01/2008     C-20376 1081917 23/02/2023 23/02/2023 Libro impreso